Handbook of contemporary behavioral economics : (Record no. 4117)

MARC details
000 -LEADER
fixed length control field 00596 a2200181 4500
010 ## - LCCN (DPL NO)
LC control number ENG-86100
020 ## - INTERNATIONAL STANDARD BOOK NUMBER
International Standard Book Number 8120332232
Terms of availability 495.00
035 ## - SYSTEM CONTROL NUMBER
System control number EN-69633
037 ## - SOURCE OF ACQUISITION
Source of stock number/acquisition DBAD / PUB
082 14 - DEWEY DECIMAL CLASSIFICATION NUMBER
Classification number 330.019
245 1# - TITLE STATEMENT
Title Handbook of contemporary behavioral economics :
Statement of responsibility, etc edited by Morris Altman
Remainder of title foundations and development /
260 ## - PUBLICATION, DISTRIBUTION, ETC. (IMPRINT)
Place of publication, distribution, etc New Delhi
Name of publisher, distributor, etc Prentice Hall of India
Date of publication, distribution, etc 2007
270 ## - ADDRESS
Address M-97, Cannaught Circus,
City New Delhi
Postal code 110 001
300 ## - PHYSICAL DESCRIPTION
Extent xxii, 762 p.
Dimensions 24 cm. (Pbk.)
500 ## - GENERAL NOTE
General note Includes index
700 1# - ADDED ENTRY--PERSONAL NAME
Personal name Altman, Morris
942 ## - ADDED ENTRY ELEMENTS (KOHA)
Institution code [OBSOLETE] dpl
Item type English Books
Source of classification or shelving scheme Dewey Decimal Classification
Classification part 330.019
Call number suffix HAN
Holdings
Withdrawn status Lost status Not for loan Collection code Home library Current library Date acquired Source of acquisition Cost, normal purchase price Full call number Barcode Copy number Cost, replacement price Koha item type
    Not For Loan Non-fiction D.B.Act.Division D.B.Act.Division   DBAD/PUB 495.00 330.019 HAN EN-69633 1 495.00 English Books

© Delhi Public Library
Hit Counter
free hit counter